000 03751nam0a22005531 4500
001 RU\NLR\A1\8207
005 20260409064900.0
035 _a(NLR Aleph) 009673350
090 _a9671908
_c9671908
100 _a19980825d1778 m y0rusy50 ca
101 1 _arus
_cfre
102 _aRU
135 _acrcn 024anaba
140 _ay y eayaa0000
200 1 _aИталиянской Езоп или Сатирическое повествование о Бертолде,
_eсодержащее в себе удивительныя с ним приключения, остроумныя выдумки, хорошее поведение при дворе купно с его духовною.
_eПереведена с францускаго
210 _aВ Санктпетербурге
_c[тип. Арт. и инж. кадет. корпуса]
_d1778
215 _a177, [3] с.
_d
300 _aАвт. указан в предисл.
316 _aЭкз. РНБ (18.263.4.2) в состав. картон. пер., обтянутом крапчатой бумагой, с кожаными коричневыми корешком и уголками. На нижней крышке пер. экслибрис рус. фонда РНБ с шифром. Корешок с 5-ю бинтами, с блинтовым тиснением. На корешке бумаж. наклейка с порядковым номером ниги на полке: "2". На форзаце ярлык с шифром РНБ. На с.177 круглый штамп ГПБ. Экз. РНБ деф.: утрачены с.[2-3]. Вклеен [1] л. ил (фронт.) из изд. 1782 г. (Офорт с подписью: "Бертольд"). Размер: 19,0х12х1,5 см.
_5NLR: 18.263.4.2
321 1 _aСК XVIII 3322
321 0 _aXVIII в. Сб. 28. С. 309
325 _aКопия доступна в Электрон. б-ке РНБ
327 0 _aПродаются книги, в Академ. лавке на Никольской улице, на Спасск. мосту и у перепл. Никиты Дмитриева на Куз. мо[сту] : [Книгопродавческая роспись] (С.[2-3])
517 1 _aСатирическое повествование о Бертолде
518 1 _aИтальянский Эзоп или Сатирическое повествование о Бертолде
620 _dСанкт-Петербург
700 1 _4070
_8rus
_7ca
_aКроче
_bД. Ч.
_f1550-1609
_gДжулио Чезаре
_3RU\NLR\AUTH\77104033
_986958
702 1 _6z02790
_aВодопьянов
_bН.Д.
_gНикита Дмитриевич
_4160
712 0 2 _4610
_aАртиллерийский и инженерный шляхетный кадетский корпус
_cПетербург
_bТипография
_3RU\NLR\AUTH\880627560
_92659928
790 1 _6z02702
_aДмитриев
_bН.
_gНикита
801 0 _aRU
_bNLR
_c19980825
852 _aNLR
_j18.263.4.2
856 0 _uhttp://vivaldi.nlr.ru/bx000016906/view
856 1 _uhttp://vivaldi.nlr.ru/bx000016906/cover
856 2 _uhttp://vivaldi.nlr.ru/bx000016906/text
899 _aРГБ
899 _aБАН
899 _aГПИБ
899 _aКостОУНБ
942 _cBOOK
980 _aNB
980 3 _akpcivil
980 3 _akp
980 _aA1XVIIIv
981 2 0 _a(20) Книжные памятники РНБ
_b(20) Русский книжный фонд